000
00251nam a2200097Ia 4500
008
230915s9999 xx 000 0 und d
050
_a
RJ 245.P43 2008
100
_a
PRICE,DEBRA L.
245
0
_a
PEDIATRIC NURSING : AN INTRODUCTORY TEXT
942
_c
BK
999
_c
199126
_d
199126